|
|
|
|
| LEADER |
00000nab a2200000 ar4500 |
| 001 |
vtls010093732 |
| 003 |
SK-MaSNL |
| 005 |
20260303081123.0 |
| 008 |
100511c2010 xo mr|p|||||||000 b|slo |
| 015 |
|
|
|a SNBRB2010/05
|2 snkbucl
|
| 038 |
|
|
|a SNKBUCL
|
| 040 |
|
|
|a SNKBUCL
|b slo
|c SNKBUCL
|e AACR2
|
| 041 |
0 |
|
|a slo
|
| 044 |
|
|
|a xo
|c SK
|
| 080 |
|
|
|a 791.633-051
|2 2001
|
| 100 |
1 |
|
|a Polívková, Martina
|4 ivr
|4 aut
|9 1036162
|
| 245 |
1 |
0 |
|a Zmena prináša pohľad z boku
|c Martina Polívková, Martin Šulík
|
| 300 |
|
|
|b Fotogr.
|
| 600 |
1 |
7 |
|a Šulík, Martin,
|d 1962-
|2 snkbucl
|9 205972
|
| 655 |
|
7 |
|a rozhovory
|2 snkbucl
|9 31831
|
| 700 |
1 |
|
|a Šulík, Martin,
|d 1962-
|4 ive
|4 aut
|9 205972
|
| 773 |
0 |
|
|t Film.sk
|g Roč. 11, č. 5 (2010), s. 18-21
|x 1335-8286
|
| 852 |
|
|
|a SNK
|b KIS3GCP
|
| 958 |
|
|
|a SK
|
| 999 |
|
|
|c 1783288
|d 1785218
|